Gender Issues In India/ (Record no. 186722)

MARC details
000 -LEADER
fixed length control field 00566nam a22001817a 4500
005 - DATE AND TIME OF LATEST TRANSACTION
control field 20220311162712.0
010 ## - LCCN (DPL NO)
LC control number ENG-131961
020 ## - INTERNATIONAL STANDARD BOOK NUMBER
International Standard Book Number 9788194418559
Terms of availability 795.00
035 ## - SYSTEM CONTROL NUMBER
System control number EN-115493
037 ## - SOURCE OF ACQUISITION
Source of stock number/acquisition DBAD
082 ## - DEWEY DECIMAL CLASSIFICATION NUMBER
Classification number 305.420954
100 ## - MAIN ENTRY--PERSONAL NAME
Personal name Suresh Devath
245 ## - TITLE STATEMENT
Title Gender Issues In India/
Statement of responsibility, etc Devath Suresh
260 ## - PUBLICATION, DISTRIBUTION, ETC. (IMPRINT)
Place of publication, distribution, etc New Delhi
Name of publisher, distributor, etc Raj Publication
Date of publication, distribution, etc 2021
270 ## - ADDRESS
Address 108,4855/24 Ansari Road, Daryaganj,
City New Delhi
Postal code 110002
Telephone number 011-23250939
Electronic mail address rajpublications@gmail.com
300 ## - PHYSICAL DESCRIPTION
Extent 260p.
Dimensions 22cm(hbk)
942 ## - ADDED ENTRY ELEMENTS (KOHA)
Source of classification or shelving scheme Dewey Decimal Classification
Item type English Books
Classification part 305.420954
Call number suffix SUR
Holdings
Withdrawn status Lost status Not for loan Collection code Home library Current library Date acquired Source of acquisition Cost, normal purchase price Full call number Barcode Copy number Cost, replacement price Koha item type
      Non-fiction Central Library Central Library 11/03/2022 DBAD/PUB 795.00 305.420954 GEN EN-115493 1 795.00 English Books

© Delhi Public Library
Hit Counter
free hit counter